| 000 | 00826cam a2200229 a 4500 | ||
|---|---|---|---|
| 003 | EG-GiCUC | ||
| 008 | 180305s1994 le g 000 0 ara d | ||
| 040 |
_aEG-GiCUC _bara _cEG-GiCUC |
||
| 092 | 0 | 4 |
_a250 _bW2561 _221 |
| 099 |
_a04 _a250 W2561 |
||
| 100 | 1 |
_aإبن الوردي: زين الدين عمر بن مظفر : _d-1349 |
|
| 245 | 1 | 0 |
_aكتاب بهجة الحاوى / _cزين الدين ابى حفص عمر بن الوردى |
| 260 |
_aبيروت : _bدار الفكر : _c1994 |
||
| 300 |
_a266ص؛ _c24سم |
||
| 650 | 7 |
_aالفقه الاسلامى _2qrmak |
|
| 650 | 7 |
_aالفقه الشافعى _2qrmak |
|
| 902 | _a1 | ||
| 905 |
_aابراهيم _eمراجع |
||
| 905 |
_aغاده _eمدخل |
||
| 942 |
_2ddc _cBK |
||
| 999 |
_c149148 _d149148 |
||